Catalogue trimestreal de livres de divers genres en vente aux prix marqués á la Librairie de A. Eudes.. : (Record no. 162249)

MARC details
000 -LEADER
campo de control de longitud fija 00703nam a2200169 i 4500
001 - NÚMERO DE CONTROL
campo de control 162249
003 - IDENTIFICADOR DE NÚMERO DE CONTROL
campo de control ES-MaACL
005 - FECHA Y HORA DE LA ÚLTIMA TRANSACCIÓN
campo de control 20230906212449.0
008 - DATOS DE LONGITUD FIJA--INFORMACIÓN GENERAL
campo de control de longitud fija 160420s1878 fr |||| | fre d
110 2# - ENTRADA PRINCIPAL--NOMBRE DE ENTIDAD CORPORATIVA
Nombre de entidad corporativa o nombre de jurisdicción como elemento de entrada Librairie de A. Eudes.
9 (RLIN) 159395
245 10 - MENCIÓN DEL TÍTULO
Título Catalogue trimestreal de livres de divers genres en vente aux prix marqués á la Librairie de A. Eudes.. :
Resto del título ouvrages par ordre alphabétique : juillet a septembre 1878.
260 ## - PUBLICACIÓN, DISTRIBUCIÓN, ETC.
Lugar de publicación, distribución, etc. [Paris :
Nombre del editor, distribuidor, etc. A. Eudes,
Fecha de publicación, distribución, etc. 1878]
300 ## - DESCRIPCIÓN FÍSICA
Extensión 113 p. ;
Dimensiones 21 cm.
610 24 - PUNTO DE ACCESO ADICIONAL DE MATERIA--NOMBRE DE ENTIDAD CORPORATIVA
Nombre de entidad corporativa o nombre de jurisdicción como elemento de entrada Librería de A. Eudes-
Subdivisión de forma Catálogos.
9 (RLIN) 159421
650 #4 - PUNTO DE ACCESO ADICIONAL DE MATERIA--TÉRMINO DE MATERIA
Término de materia o nombre geográfico como elemento de entrada Libros-
Subdivisión de forma Catálogos comerciales.
9 (RLIN) 159004
852 ## - LOCALIZACIÓN
Ubicación ES-MaACL
Número de control de estantería T-273-F-3
Nota libre - Enc. en un vol. facticio conservando la cub. original
Holdings
Estatus retirado Estado de pérdida Estado de daño No para préstamo Colección Biblioteca de origen Biblioteca actual Ubicación en estantería Fecha de adquisición Fuente de adquisición Total de préstamos Signatura topográfica completa Código de barras Visto por última vez Precio de reemplazo Tipo de ítem Koha
        Colección de folletos Biblioteca del Ateneo de Madrid Biblioteca del Ateneo de Madrid Depósito folletos 20/04/2016     T-273-F-3 1195131 23/02/2023 23/02/2023 Folleto